000 00313nam a22001217a 4500
082 _a001
_bSIE/G
100 _aSTATE INSITUTE OF EDUCATIONAL TECHNOLOGY
245 _aSIET KERALA, GENERAL STUDIES
_bKERALAM- GARDEN OF EDAN
260 _aNEW DELHI
_bGOVT. OF INDIA
300 _bVCD
520 _a KERALA
942 _cBK
999 _c7951
_d7951